مكتبة جامعة عجلون الوطنية

فهرس بحث المكتبة

Normal view MARC view
  • الفقه الاسلامي- اصول الحديث

Entry Topical Term

Number of records used in: 1

001 - CONTROL NUMBER

  • control field: 16807

003 - CONTROL NUMBER IDENTIFIER

  • control field: JO-AjAnu

005 - DATE AND TIME OF LATEST TRANSACTION

  • control field: 20230606072959.0

008 - FIXED-LENGTH DATA ELEMENTS

  • fixed length control field: 230606|| aca||aabn | a|a d

040 ## - CATALOGING SOURCE

  • Original cataloging agency: JO-AjAnu
  • Transcribing agency: JO-AjAnu

150 ## - HEADING--TOPICAL TERM

  • Topical term or geographic name entry element: الفقه الاسلامي- اصول الحديث

670 ## - SOURCE DATA FOUND

  • Source citation: Work cat.: (JO-AjAnu)8631: الدهلوي،عبد الحق ، تقديم: سلمان الحسيني الندوي ، اخراج: سيد عبد الماجد الغوري, author 16806, مقدمة في أصول الحديث